Statistics for The Rolling Stones Discography

Click here to take the quiz!

General Stats

  • This quiz has been taken 132 times
    (37 since last reset)
  • The average score is 34 of 142

Answer Stats

TypeYearName% Correct
US Album1964England's Newest Hit Makers
90%
Album1971Sticky Fingers
90%
Special Edition Album2015Sticky Fingers (Super Deluxe)
90%
Album1978Some Girls
87%
Special Edition Album2017Some Girls (Live in Texas '78)
87%
Concert Film2011Some Girls: Live in Texas '78
87%
Live Album2011Some Girls: Live in Texas '78
87%
EP1964The Rolling Stones
87%
UK Album1964The Rolling Stones
87%
UK Album1966Aftermath
83%
US Album1966Aftermath
83%
Album1968Beggars Banquet
80%
Album1972Exile on Main St.
80%
Special Edition Album2010Exile on Main St. - Rarities Edition
80%
Album1969Let It Bleed
80%
Album1974It's Only Rock 'n Roll
73%
Album1981Tattoo You
73%
Album1973Goats Head Soup
70%
Album1976Black and Blue
67%
Album1994Voodoo Lounge
63%
Album1997Bridges to Babylon
60%
Live Album1970Get Yer Ya-Ya's Out! The Rolling Stones in Concert
60%
UK Album1967Between the Buttons
57%
UK Album1967Between the Buttons
57%
Album1967Their Satanic Majesties Request
57%
Album2005A Bigger Bang
53%
Concert Film2021A Bigger Bang - Live on Copacabana Beach
53%
Album1986Dirty Work
53%
Album1989Steel Wheels
53%
Album1983Undercover
53%
Album1980Emotional Rescue
47%
UK Album1965The Rolling Stones No. 2
43%
US Album196412 X 5
40%
UK Album1965Out of Our Heads
40%
US Album1965Out of Our Heads
40%
Cover Album2016Blue & Lonesome
37%
Documentary1970Gimme Shelter
37%
Compilation1971Gimme Shelter
37%
Film2008Shine a Light
37%
Soundtrack2008Shine a Light
37%
US Album1965December's Children (And Everybody's)
33%
Compilation1967Flowers
30%
Compilation2002Forty Licks
30%
Compilation2012GRRR!
30%
Compilation1971Hot Rocks 1964-1971
30%
Compilation1975Rolled Gold: The Very Best of the Rolling Stones
27%
Live EP1965Got Live If You Want It!
23%
Live Album1966Got Live If You Want It!
23%
Compilation2019Honk
23%
US Album1965The Rolling Stones, Now!
23%
Compilation1993Jump Back: The Best of The Rolling Stones
20%
Live Album1995Stripped
20%
Film1968Sympathy for the Devil
20%
Compilation1966Big Hits (High Tide and Green Grass)
17%
Documentary1966Charlie Is My Darling
17%
Documentary1972Cocksucker Blues
17%
Live Album1977Love You Live
17%
Compilation1975Metamorphosis
17%
Live Album1998No Security
17%
Live Album1982Still Life
17%
Compilation1969Through the Past, Darkly (Big Hits Vol. 2)
17%
EP1964Five by Five
13%
Live Album1991Flashpoint
13%
Concert Movie1974Ladies and Gentlemen: The Rolling Stones
13%
Special Edition Album2017Ladies and Gentlemen: The Rolling Stones
13%
Live Album2004Live Licks
13%
Compilation1975Made in the Shade
13%
Live Album2017On Air
13%
Concert Film2020Brussels Affair (Live 1973)
10%
Live Album2011Brussels Affair (Live 1973)
10%
Concert Film1983Let's Spend the Night Together
10%
Compilation1989Singles Collection: The London Years
10%
Concert Film2016The Rolling Stones: Havana Moon
10%
Live Album2016The Rolling Stones: Havana Moon
10%
Collaborative Concert Film1996The Rolling Stones Rock and Roll Circus
10%
Collaborative Live Album1996The Rolling Stones Rock and Roll Circus
10%
Concert Film2019Bridges to Bremen
7%
Concert Film2019Bridges to Buenos Aires (Live)
7%
Live Album2019Bridges to Buenos Aires (Live)
7%
Live Album2022El Mocambo 1977
7%
Compilation1972More Hot Rocks (Big Hits & Fazed Cookies)
7%
Documentary2017Olé Olé Olé!: A Trip Across Latin America
7%
Compilation1984Rewind (1971-1984)
7%
Compilation1981Sucking in the Seventies
7%
Concert Film1995The Rolling Stones: Voodoo Lounge Live
7%
Concert Film2016Totally Stripped
7%
Live Album2016Totally Stripped
7%
Documentary198925x5: The Continuing Adventures of the Rolling Stones
3%
Documentary2012Crossfire Hurricane
3%
Concert Film2003Four Flicks
3%
Live Compilation1982In Concert - Live 1966-70
3%
Double Video Package2012Ladies and Gentlemen: The Rolling Stones / Stones in Exile
3%
Concert Film2014L.A. Friday (Live 1975)
3%
Live Album2012L.A. Friday (Live 1975)
3%
Live Album2012Live at Leeds
3%
Concert Film2015Live at Leeds
3%
Concert Film2015Live at the Tokyo Dome
3%
Live Album2012Live at the Tokyo Dome
3%
Collaborative Concert Film2004Molson Canadian Rocks for Toronto
3%
Live Album2018No Security. San Jose '99
3%
Compilation1973No Stone Unturned
3%
Compilation2005Rarities 1971-2003
3%
Compilation1972Rock 'n' Rolling Stones
3%
Concert Film1992Rolling Stones: Live at the Max
3%
Box Set2004Singles 1963-1965
3%
Box Set2004Singles 1965-1967
3%
Box Set2005Singles 1968-1971
3%
Box Set2011Singles 1971-2006
3%
Compilation1981Slow Rollers
3%
Compilation1980Solid Rock
3%
Live Album2015Sticky Fingers Live
3%
Compilation1971Stone Age
3%
Documentary2010Stones in Exile
3%
Concert Film2013Sweet Summer Sun: Hyde Park Live
3%
Live Album2013Sweet Summer Sun: Hyde Park Live
3%
Concert Film2015The Marquee Club (Live 1971)
3%
Live Album2015The Marquee Club (Live 1971)
3%
Box Set2010The Rolling Stones Box Set
3%
Box Set2016The Rolling Stones in Mono
3%
Compilation1979Time Waits for No One: Anthology 1971-1977
3%
Video Compilation1984Video Rewind
3%
Live Album2021A Bigger Bang - Live on Copacabana Beach
0%
Concert Film1998Bridges to Babylon Tour '97-98
0%
Concert Film2011Ed Sullivan Shows
0%
Compilation1977Get Stoned (30 Greatest Hits)
0%
Concert Film2014Hampton Coliseum (Live 1981)
0%
Live Album2012Hampton Coliseum (Live 1981)
0%
Concert Film2015Hyde Park Live, 1969
0%
Live Album2022Licked Live in NYC
0%
Concert Film2022Licked Live in NYC
0%
Live Album2012Light the Fuse
0%
Special Edition Album2017Live at the Checkerboard Lounge, Chicago 1981
0%
Collaborative Live Album2012Live at the Checkerboard Lounge, Chicago 1981
0%
Collaborative Concert Film2012Live at the Checkerboard Lounge, Chicago 1981
0%
Compilation1972Milestones
0%
Live Album2020Steel Wheels Live
0%
Concert Film2017Sticky Fingers: Live At The Fonda Theater 2015
0%
Live Album2017Sticky Fingers: Live At The Fonda Theater 2015
0%
Compilation1982Story of The Stones
0%
Box Set2018Studio Albums Vinyl Collection 1971-2016
0%
Concert Film Collection2007The Biggest Bang
0%
Concert Film2018Voodoo Lounge Uncut
0%

Score Distribution

Percentile by Number Answered

Percent of People with Each Score

Your Score History

You have not taken this quiz since the last reset